Fields, organizations, and agency: toward a multilevel theory of institutionalization in action (Record no. 76225)

000 -LEADER
fixed length control field 00429pab a2200157 454500
008 - FIXED-LENGTH DATA ELEMENTS--GENERAL INFORMATION
fixed length control field 180718b2007 xxu||||| |||| 00| 0 eng d
100 ## - MAIN ENTRY--PERSONAL NAME
Personal name Cooney, Kate
245 ## - TITLE STATEMENT
Title Fields, organizations, and agency: toward a multilevel theory of institutionalization in action
260 ## - PUBLICATION, DISTRIBUTION, ETC.
Date of publication, distribution, etc. 2007
300 ## - PHYSICAL DESCRIPTION
Extent p.687-718.
362 ## - DATES OF PUBLICATION AND/OR SEQUENTIAL DESIGNATION
Dates of publication and/or sequential designation Oct
650 ## - SUBJECT ADDED ENTRY--TOPICAL TERM
Topical term or geographic name entry element Organizations
773 ## - HOST ITEM ENTRY
Main entry heading Administration and Society
908 ## - PUT COMMAND PARAMETER (RLIN)
Put command parameter N
909 ## -
-- 76225
Holdings
Withdrawn status Lost status Damaged status Not for loan Permanent Location Current Location Date acquired Serial Enumeration / chronology Barcode Date last seen Price effective from Koha item type
        Indian Institute of Public Administration Indian Institute of Public Administration 2018-07-19 Volume no: 39, Issue no: 6 AR76685 2018-07-19 2018-07-19 Articles

Powered by Koha